Country Trios Begin/End Letter Quiz Stats

 Plays Quiz Updated Dec 22, 2016

Challenge
Share
Tweet
Embed
Score 0/21 Timer 05:00
14 Plays Today
% Correct
Rwanda
75.1%
Russia
69.9%
Chile
68.5%
Benin
68.1%
Romania
65%
Bahrain
57.9%
Bhutan
52.9%
Turkmenistan
51.9%
Taiwan
51.9%
Belarus
51.6%
Tajikistan
49%
% Correct
Bahamas
48.4%
Mauritius
48.1%
Maldives
45.7%
Barbados
41.3%
Tanzania
33.2%
Marshall Islands
31.8%
Tonga
27.7%
Tunisia
25.1%
Cabo Verde
25%
Côte d'Ivoire
24.9%

You're not logged in!

Compare scores with friends on all Sporcle quizzes.
Join for Free
OR
Log In

You Might Also Like...

Show Comments

Extras

Top Quizzes Today


Score Distribution

Your Account Isn't Verified!

In order to create a playlist on Sporcle, you need to verify the email address you used during registration. Go to your Sporcle Settings to finish the process.

Report this User

Report this user for behavior that violates our Community Guidelines.

Details: